BABYMONSTER - Paroles CHOOM - Statistiques

Statistiques générales
  • Ce quiz a été pris 20 fois
  • Le résultat moyen est 214 sur 333
Statistiques - réponses
Hint Réponse % Correct
Pré-refrain Oh
100%
oh
100%
Oh
100%
(Oh
100%
woah
100%
(Woo)
100%
Intro 1,
88%
on
88%
2,
81%
I
81%
it,
81%
it
81%
party
81%
3,
75%
4,
75%
Baby,
75%
BABYMON
75%
burn
75%
Burn
75%
Couplet 2 Baby,
75%
Post-refrain We
75%
get
75%
Get
75%
gon'
75%
heat
75%
is
75%
know
75%
Know
75%
Let
75%
me,
75%
me
75%
my,
75%
my
75%
my)
75%
that
75%
that,
75%
this
75%
We
75%
we
75%
Yeah,
75%
7
69%
a
69%
(Ah)
69%
(Ah
69%
ah)
69%
ate
69%
but
69%
Refrain Let's
69%
face
69%
flip
69%
got
69%
I'm
69%
just
69%
kick
69%
lemonade
69%
let's
69%
music
69%
no
69%
No
69%
Play
69%
pretty
69%
run
69%
started
69%
style,
69%
style
69%
the
69%
turn
69%
You
69%
and
63%
ASA
63%
be
63%
Better
63%
better
63%
bling
63%
check
63%
Check
63%
da
63%
Interlude Da
63%
do
63%
hypnotize
63%
lemons,
63%
like
63%
like,
63%
Like,
63%
Lose
63%
mi-mi-mind
63%
monster
63%
queen
63%
sour
63%
taste
63%
(taste)
63%
to
63%
Trust
63%
watch
63%
(Watch
63%
we're
63%
blow
56%
(blow)
56%
dance
56%
in,
56%
empress"
56%
killing
56%
not
56%
now
56%
out,
56%
out)
56%
out
56%
Own
56%
own
56%
place
56%
(place)
56%
ride
56%
show
56%
Sweet
56%
up,
56%
up
56%
vibe
56%
"Vroom,
56%
vroom"
56%
Couplet 1 Walk
56%
your
56%
Big
50%
billing
50%
Can't
50%
celebrate
50%
flex,
50%
groove
50%
(Grr)
50%
mood
50%
next
50%
only
50%
right
50%
set
50%
stop
50%
stop,
50%
wanna
50%
"Yes,
50%
don't
44%
down
44%
Everybody,
44%
everybody
44%
keep
44%
Loosen
44%
(Na
44%
na
44%
na),
44%
na)
44%
room,
44%
stomping
44%
time
44%
tonight
44%
way
44%
ain't
38%
bow
38%
Outro That's
38%
Gotta
38%
make
38%
some
38%
That's
38%
waste
38%
top
31%
dun,
19%
ra
19%
(Hoo)
0%
Aucun quiz correspondant
Distribution des résultats
% des personnes avec chaque résultat
Percentile par nombre de réponses
Votre historique - résultats
Vous n’avez pas pris ce quiz